Allgemeinwissen-Quiz #78 - Statistiken

Allgemein
  • Dieses Quiz wurde 54 mal gespielt
  • Das Durchschnittsergebnis liegt bei 12 aus 20
Antwortstatistiken
Frage Antwort % Korrekt
Welches dieser Autologos gehört zu Tesla?
92%
Welcher Fisch lebt in enger Symbiose mit Seeanemonen? Clownfisch
90%
Welcher Bildausschnitt stammt aus der Serie "The Big Bang Theory"?
86%
Bei welchem Geheimdienst hat Wladimir Putin seine Karriere begonnen? KGB
86%
Was ist die Hauptstadt von Lettland? Riga
84%
Welcher Fluss fliesst in die Nordsee? Elbe
82%
Welche Flagge gehört zu Lesotho?
73%
Wer soll auf dem Tempelberg in Jerusalem den ersten Mord begangen haben? Kain
73%
Welcher Nadelbaum wirft im Herbst seine Nadeln ab? Lärche
67%
In welcher Serie findet man die Charaktere Jesse Pinkman, Walter White und Skyler White? Breaking Bad
65%
Wie sagt man "huckepack" auf Englisch? Piggyback
59%
Welche beiden Sportarten werden bei den Olympischen Winterspielen in der Nordischen Kombination kombiniert? Skispringen und Langlauf
57%
Was wurde von Heinrich Schliemann entdeckt? Troja
55%
In welchem Land befinden sich die Nazca-Linien? Peru
49%
Der Künstlername "Loriot" ist das französische Wort für was? Pirol
45%
Was ist ein Gynoeceum? Fruchtblätter
41%
Wie heisst der Halfterfisch, der als "Chef" im Aquarium beim Zahnarzt in "Wer findet Nemo?" gilt? Kahn
31%
Wie verfärbt sich eine jodhaltige Lösung, wenn Stärke hinzugegeben wird? Blau-schwarz
27%
Gegen wen putschte Franco im Jahre 1936? Gegen eine demokratisch gewählte Regierung
24%
Von welchem Künstler stammt das Gemälde "Salvator Mundi"? Leonardo da Vinci
22%
Keine übereinstimmenden Quizze gefunden
Verteilung der Resultate
Anzahl Personen mit jedem Resultat
Perzentil nach korrekt beantworteten Fragen
Ihre Resultats-Entwicklung
Sie haben dieses Quiz noch nicht gespielt